000 00618nam a2200121Ia 4500
008 220615s9999||||xx |||||||||||||| ||und||
100 _aTakashi Mino, Keisuke Hanaki
245 0 _aEnvironmental Leadership Capacity Building in Higher Education: Experience and Lessons from Asian Program for Incubation of Environmental Leaders
546 _aEnglish[eng]
650 _aBusiness Ethics||Science Education||Non-Profit Enterprises/Corporate Social Responsibility||Environmental Management||Environmental Science and Engineering
856 _uhttp://link.springer.com/openurl?genre=book&isbn=978-4-431-54339-8
942 _cEB
999 _c12405
_d12405